000 00452nab a2200145Ia 4500
003 ES-SlBCS
005 20210601125242.0
008 140529s1980 xxu||||| |||| 00| 0 eng d
041 _aeng
100 1 _aAiraksinen, Timo
_9132454
245 0 0 _aProblems in Hegel's Dialectic of Feeling
_c Timo Airaksinen
600 1 4 _aHegel-Sentimientos
_9155986
773 0 _tPhilosophy and Phenomenological Research
_gvol. 41, 1980, págs. 1-25
_wRev1411
942 _cAR
999 _c527270
_d527270